Chefs connus du Clan du Tonerre - Statistiques

Statistiques générales
  • Ce quiz a été pris 11 fois
  • Le résultat moyen est 8 sur 15
Answers on the Grid
Answers color-coded by a green-red scale on the quiz's grid according to % correct below.
Étoile du tonnerre
Étoile filante
Étoile du lion
Étoile de liane
Étoile noire
Étoile du soleil
Étoile bleue
Étoile de lune
Étoile de ronce
Étoile des neiges
Étoile de brume
Étoile grise
Étoile de plume
Étoile de la biche
Étoile du passereau
Étoile rouge
Étoile de chêne
Étoile de geai
Étoile de houx
Étoile de sapin
Étoile de feu
Étoile de givre
Étoile du matin
Étoile du choucas
Étoile de souris
Étoile de la chouette
Étoile de tempête
Étoile de myosotis
Étoile de tulipe
Étoile blanche
 
Statistiques - réponses
Réponse % Correct
Étoile du soleil
100%
Étoile blanche
50%
Étoile bleue
50%
Étoile de chêne
50%
Étoile de feu
50%
Étoile de la biche
50%
Étoile de la chouette
50%
Étoile de ronce
50%
Étoile de sapin
50%
Étoile du lion
50%
Étoile du matin
50%
Étoile du passereau
50%
Étoile du tonnerre
50%
Étoile rouge
50%
Étoile de liane
0%
Aucun quiz correspondant
Distribution des résultats
% des personnes avec chaque résultat
Percentile par nombre de réponses
Votre historique - résultats
Vous n’avez pas pris ce quiz